| 000 | 00686nam a22002177a 4500 | ||
|---|---|---|---|
| 999 |
_c6207 _d6207 |
||
| 003 | AR-CdUCM | ||
| 008 | 190313b ||||| |||| 00| 0 spa d | ||
| 040 |
_aMUNICIPALIDAD PROVINCIAL DEL CUSCO _cBIBLIOTECA MUNICIPAL DEL CUSCO |
||
| 082 |
_a891.736 / _bN57 |
||
| 100 |
_aNikulin. N _917906 |
||
| 245 | _aLa estrella de oro / | ||
| 260 |
_aUruguay : _bEdiciones pueblos unidos, _c1945. |
||
| 300 |
_a174 paginas ; _c18 cm. |
||
| 500 | _aDonación familia Nieto. | ||
| 505 | _aContenido :La estrella de oro. | ||
| 650 |
_aLiteratura uruguaya _915526 |
||
| 650 |
_aLiteratura del siglo xx _97647 |
||
| 700 |
_aBolotin, Rafael (traductor) _917907 |
||
| 942 |
_2ddc _cLIBROS |
||
| 945 | _arum | ||